00291 a2200097 4500001000700000040002200007041001600029082000900045100004000054245009900094142463 cLeonardo Da Vinci aPortuguês av205 aCOLÉGIO Leonardo da Vinci - Anglo aHidroelétricaba crise anunciada desde 1989 ainda existe? falta ou sobra energia elétrica?